Introduction marine engineering (Record no. 15017)

MARC details
000 -LEADER
fixed length control field 00221nam a22001097a 4500
082 ## - DEWEY DECIMAL CLASSIFICATION NUMBER
Classification number 623.045TAY
100 ## - MAIN ENTRY--AUTHOR NAME
Personal name Taylor
245 ## - TITLE STATEMENT
Title Introduction marine engineering
260 ## - PUBLICATION, DISTRIBUTION, ETC. (IMPRINT)
Place of publication London
Year of publication 1983
300 ## - PHYSICAL DESCRIPTION
Number of Pages 360
942 ## - ADDED ENTRY ELEMENTS (KOHA)
Koha item type Books
Holdings
Withdrawn status Lost status Collection code Home library Current library Date acquired Cost, normal purchase price Full call number Accession Number Koha item type
    Reference Reference Section Reference Section 28/12/2015 174.00 623.045TAY (Shelf - 68D) 14138 Books